000 02273nam0a2200373 4500
001 RU\NLR\BIBL_A\022502998
005 20260614041600.0
010 _a978-5-906934-72-7
_950
021 _aRU
_bКН-П-25-003643
_9КН-П-25-0350
035 _a(NLR Aleph) 022502998
090 _a13642988
_c13642988
100 _a20250326d2024 u y0rusy50 ca
101 0 _arus
102 _aRU
105 _aa|||j|||000yy
181 0 _ai3
_baxxe
182 0 _an
200 1 _aПроектирование и реализация рабочих программ учебных предметов, курсов в условиях формирования основ инженерной культуры обучающихся
_eметодические рекомендации
_fЕ. Г. Коликова, С. Ю. Петухов, Н. Ю. Хафизова, В. Н. Шайкина
_gМинистерство образования и науки Челябинской области, Государственное бюджетное учреждение дополнительного профессионального образования "Челябинский институт развития образования"
203 _aТекст
_bвизуальный
_cнепосредственный
210 _aЧелябинск
_cЧИРО
_d2024
215 _a47 с.
_cил., табл.
_d20
320 _aБиблиогр.: с. 46-47 (19 назв.)
606 1 _aШкольники
_jМетодические пособия
_xПрофессиональная ориентация
_92129472
_3RU\NLR\AUTH\661284899
606 _aШколы
_xПрофильные классы
_xУчебные программы
_jМетодические пособия
_3RU\NLR\AUTH\6601759122
_92674718
686 1 _aЧ426.211.9я8
686 1 _aЧ421.202.5инженер.я8
701 1 _aКоликова
_bЕ. Г.
_gЕлена Георгиевна
701 1 _aПетухов
_bС. Ю.
_gСергей Юрьевич
701 1 _aХафизова
_bН. Ю.
_gНаталья Юрьевна
701 1 _aШайкина
_bВ. Н.
_gВиктория Николаевна
942 _cBOOK
980 _aNB